Teorie automatického řízení 2 Optimální, adaptívní a učící se systémy

Gespeichert in:
Bibliographische Detailangaben
1. Verfasser: Zezulka, František
Körperschaft: Vysoké učení technické v Brně
Format: Buch
Sprache:Tschechisch
Veröffentlicht: Praha Státní nakladatelství technické literatury 1987
Ausgabe:1. vyd.
Tags: Tag hinzufügen
Keine Tags, Fügen Sie das erste Tag hinzu!

MARC

LEADER 00000nam a2200000 4500
001 c036645
005 20221219103529.9
041 0 |a cze 
044 |a CZ 
245 1 0 |a Teorie automatického řízení 2  |b Optimální, adaptívní a učící se systémy  |c František Zezulka 
250 |a 1. vyd. 
264 1 |a Praha  |b Státní nakladatelství technické literatury  |c 1987 
300 |a 124 s. 
100 1 |a Zezulka, František 
710 2 |a Vysoké učení technické v Brně